000 01002nmm a2200289 a 4500
001 ocm000660988
003 TR-IsHL
005 20201028142241.0
008 140104s1994 tu tur
007 cr cn
020 _a9789754980806
035 _a660988
_b(N$T)
050 0 4 _aCN1156.T8
_bS45 1994
090 0 4 _aCN1156.T8
_bS45 1994
100 1 _aŞeker, Mehmet
245 1 0 _aBaşşehir Tunus'taki Türkçe kitabeler
_h[electronic resource] /
_cMehmet Şeker
260 _aİstanbul :
_bTürk Dünyası Araştırmaları Vakfı Yayınları,
_c1994
300 _a56 p.
650 4 _aTarih
650 4 _aHistory
650 0 _aYazıtlar , Türk
_x Tunus
650 0 _aInscriptions, Turkish
_x Tunisia
650 0 _aİslami yazıtlar
_x Tunus
650 0 _aIslamic inscriptions
_x Tunisia
650 7 _aLANGUAGE ARTS & DISCIPLINES / Linguistics / Historical & Comparative
_2bisacsh
856 4 0 _uhttp://search.ebscohost.com/login.aspx?direct=true&scope=site&db=e011xww&AN=660988
999 _c8250
_d8250